<?xml version="1.0" encoding="UTF-8"?>
<record
    xmlns:xsi="http://www.w3.org/2001/XMLSchema-instance"
    xsi:schemaLocation="http://www.loc.gov/MARC21/slim http://www.loc.gov/standards/marcxml/schema/MARC21slim.xsd"
    xmlns="http://www.loc.gov/MARC21/slim">

  <leader>01120cam a22002531  4500</leader>
  <controlfield tag="001">gs 24000083 </controlfield>
  <controlfield tag="003">DLC</controlfield>
  <controlfield tag="005">20260227111328.0</controlfield>
  <controlfield tag="008">740719s1923    kyuabc   b   s000 0 eng c</controlfield>
  <datafield tag="010" ind1=" " ind2=" ">
    <subfield code="a">gs 24000083 </subfield>
  </datafield>
  <datafield tag="035" ind1=" " ind2=" ">
    <subfield code="a">(OCoLC)951606</subfield>
  </datafield>
  <datafield tag="040" ind1=" " ind2=" ">
    <subfield code="a">U.S. Geol. Survey. Library</subfield>
    <subfield code="c">DeU</subfield>
    <subfield code="d">OCoLC</subfield>
    <subfield code="d">DLC</subfield>
  </datafield>
  <datafield tag="042" ind1=" " ind2=" ">
    <subfield code="a">premarc</subfield>
  </datafield>
  <datafield tag="050" ind1="0" ind2="0">
    <subfield code="a">QE115</subfield>
    <subfield code="b">.J51362</subfield>
  </datafield>
  <datafield tag="100" ind1="1" ind2=" ">
    <subfield code="a">Jillson, Willard Rouse,</subfield>
    <subfield code="d">1890-</subfield>
  </datafield>
  <datafield tag="245" ind1="1" ind2="0">
    <subfield code="a">Geological research in Kentucky.</subfield>
    <subfield code="b">A summary account of the several geological surveys of Kentucky, including a complete list of their publications and a general bibliography of 806 titles pertaining to Kentucky geology,</subfield>
    <subfield code="c">by Willard Rouse Jillson ... Ten illustrations and maps ...</subfield>
  </datafield>
  <datafield tag="260" ind1=" " ind2=" ">
    <subfield code="a">Frankfort, Ky.,</subfield>
    <subfield code="b">The Kentucky Geological Survey,</subfield>
    <subfield code="c">1923.</subfield>
  </datafield>
  <datafield tag="300" ind1=" " ind2=" ">
    <subfield code="a">6 p. l., 228 p.</subfield>
    <subfield code="b">ports., fold. maps, tables.</subfield>
    <subfield code="c">24 cm.</subfield>
  </datafield>
  <datafield tag="490" ind1="0" ind2=" ">
    <subfield code="a">Kentucky. Geological survey 1920-1932. Ser. VI [Geologic reports]</subfield>
    <subfield code="v">v. 15</subfield>
  </datafield>
  <datafield tag="500" ind1=" " ind2=" ">
    <subfield code="a">"First edition, 500 copies."</subfield>
  </datafield>
  <datafield tag="504" ind1=" " ind2=" ">
    <subfield code="a">"Bibliography of Kentucky geology": p. [85]-148.</subfield>
  </datafield>
  <datafield tag="650" ind1=" " ind2="0">
    <subfield code="a">Geology</subfield>
    <subfield code="z">Kentucky.</subfield>
  </datafield>
  <datafield tag="650" ind1=" " ind2="0">
    <subfield code="a">Geology</subfield>
    <subfield code="z">Kentucky</subfield>
    <subfield code="v">Bibliography.</subfield>
  </datafield>
  <datafield tag="999" ind1=" " ind2=" ">
    <subfield code="c">26307</subfield>
    <subfield code="d">26307</subfield>
  </datafield>
</record>
